Online
Catalog

Fundamentos de preparación y evaluación de proyectos / (Record no. 13462)

MARC details
000 -CABECERA
campo de control de longitud fija 00866cam a2200217 a 4500
001 - NÚMERO DE CONTROL
campo de control 000013852
005 - FECHA Y HORA DE LA ÚLTIMA TRANSACCIÓN
campo de control 20200929163355.0
008 - DATOS DE LONGITUD FIJA--INFORMACIÓN GENERAL
campo de control de longitud fija 840215s1983 ck a b f001 0 spa
020 ## - NÚMERO INTERNACIONAL ESTÁNDAR DEL LIBRO
Número Internacional Estándar del Libro 9586000087
040 ## - FUENTE DE LA CATALOGACIÓN
Centro catalogador/agencia de origen DO-SdBNP
Lengua de catalogación spa
Centro/agencia modificador BNPHU
082 ## - NÚMERO DE LA CLASIFICACIÓN DECIMAL DEWEY
Número de clasificación 338.90068
Número de documento/Ítem S241s
100 1# - ENTRADA PRINCIPAL--NOMBRE DE PERSONA
Nombre de persona Sapag Chain, Nassir.
9 (RLIN) 31378
245 10 - MENCIÓN DE TÍTULO
Título Fundamentos de preparación y evaluación de proyectos /
Mención de responsabilidad, etc. Nassir Sapag Chain, Reinaldo Sapag Chain.
260 ## - PUBLICACIÓN, DISTRIBUCIÓN, ETC.
Lugar de publicación, distribución, etc. Bogotá :
Nombre del editor, distribuidor, etc. McGraw-Hill,
Fecha de publicación, distribución, etc. 1983.
300 ## - DESCRIPCIÓN FÍSICA
Extensión xviii, 438 p. :
Otras características físicas il. ;
Dimensiones 24 cm.
504 ## - NOTA DE BIBLIOGRAFÍA, ETC.
Nota de bibliografía, etc. Incluye bibliografía e índice.
650 #4 - PUNTO DE ACCESO ADICIONAL DE MATERIA--TÉRMINO DE MATERIA
Término de materia o nombre geográfico como elemento de entrada Proyecto de desarrollo económico
Subdivisión general Evaluación.
9 (RLIN) 31379
650 #4 - PUNTO DE ACCESO ADICIONAL DE MATERIA--TÉRMINO DE MATERIA
Término de materia o nombre geográfico como elemento de entrada Inversiones de capital
Subdivisión general Evaluación.
9 (RLIN) 31380
700 1# - PUNTO DE ACCESO ADICIONAL--NOMBRE DE PERSONA
Nombre de persona Sapag Chain, Reinaldo.
9 (RLIN) 31381
710 2# - PUNTO DE ACCESO ADICIONAL--NOMBRE DE ENTIDAD CORPORATIVA
Nombre de entidad corporativa o nombre de jurisdicción como elemento de entrada Universidad de Chile.
Unidad subordinada Facultad de Ciencias Economicas y Administrativas.
-- Departamento de Administracion.
9 (RLIN) 31382
Holdings
Estado de retiro Estado de pérdida Restricciones de uso No para préstamo Código de colección Localización permanente Ubicación/localización actual Ubicación en estantería Fecha de adquisición Número de inventario Total de préstamos Signatura topográfica completa Código de barras Fecha visto por última vez Precio válido a partir de Tipo de ítem Koha
    Préstamo interno   Monografías: Libros y Folletos General General En catalogación 30.11.2009 LF1   338.90068 S241s 13852-10 25.06.2020 25.06.2020 Préstamo interno

Powered by Koha